[Event "Santa Eugenia op 10th"]
[Site "Santa Eugenia"]
[Date "2015.??.??"]
[Round "2"]
[White "Sole Benegues, Jordi"]
[Black "Arino Falgas, Ferran"]
[Result "1-0"]
[WhiteElo "1862"]
[BlackElo "1733"]
[PlyCount "46"]
[EventDate "2015.04.17"]
[EventType "swiss"]
[EventRounds "9"]
[EventCountry "ESP"]
[SourceTitle "EXT 2016"]
[Source "ChessBase"]
[SourceDate "2015.10.08"]
[SourceVersion "1"]
[SourceVersionDate "2015.10.08"]
[SourceQuality "1"]

1. d4 d5 2. c4 Nf6 3. Nc3 e6 4. Bg5 Be7 5. Nf3 h6 6. Bh4 Nc6 7. h3 a6 8. e3 b5 9. cxb5 axb5 10. Bxb5 Bd7 11. 0-0 Rb8 12. Rc1 Bb4 13. Bxc6 Bxc6 14. Ne5 Rb6 15. Nxc6 Rxc6 16. Qa4 Qd6 17. Qa8+ Qd8 18. Qxc6+ Qd7 19. Qa8+ Qd8 20. Qb7 Bd6 21. Nb5 0-0 22. Nxd6 Qxd6 23. Bxf6 gxf6 1-0